<?xml version="1.0" encoding="UTF-8"?>
<record
    xmlns:xsi="http://www.w3.org/2001/XMLSchema-instance"
    xsi:schemaLocation="http://www.loc.gov/MARC21/slim http://www.loc.gov/standards/marcxml/schema/MARC21slim.xsd"
    xmlns="http://www.loc.gov/MARC21/slim">

  <leader>00463nam a22001697a 4500</leader>
  <datafield tag="999" ind1=" " ind2=" ">
    <subfield code="c">7783</subfield>
    <subfield code="d">7781</subfield>
  </datafield>
  <controlfield tag="005">20210904135144.0</controlfield>
  <controlfield tag="008">210325b           ||||| |||| 00| 0 eng d</controlfield>
  <datafield tag="020" ind1=" " ind2=" ">
    <subfield code="a">978-1901-362534</subfield>
  </datafield>
  <datafield tag="041" ind1=" " ind2=" ">
    <subfield code="a">eng</subfield>
  </datafield>
  <datafield tag="082" ind1=" " ind2=" ">
    <subfield code="a">345.408 23</subfield>
  </datafield>
  <datafield tag="100" ind1=" " ind2=" ">
    <subfield code="a">McEWAN, JENNY</subfield>
    <subfield code="9">6509</subfield>
  </datafield>
  <datafield tag="245" ind1=" " ind2=" ">
    <subfield code="a">THE VERDICT OF THE COURT: PASSING JUDGMENT IN LAW AND PSCHOLOGY</subfield>
  </datafield>
  <datafield tag="260" ind1=" " ind2=" ">
    <subfield code="b">HART PUBLISHING OXFORD AND PORTLAND ,OREGON</subfield>
    <subfield code="c">2003</subfield>
  </datafield>
  <datafield tag="300" ind1=" " ind2=" ">
    <subfield code="a">225,p</subfield>
  </datafield>
  <datafield tag="650" ind1=" " ind2=" ">
    <subfield code="a">LAW</subfield>
    <subfield code="9">5701</subfield>
  </datafield>
  <datafield tag="942" ind1=" " ind2=" ">
    <subfield code="c">BK</subfield>
  </datafield>
  <datafield tag="952" ind1=" " ind2=" ">
    <subfield code="0">0</subfield>
    <subfield code="1">0</subfield>
    <subfield code="4">0</subfield>
    <subfield code="7">0</subfield>
    <subfield code="8">LAW</subfield>
    <subfield code="a">JRU</subfield>
    <subfield code="b">JRU</subfield>
    <subfield code="c">SHELF-28-F</subfield>
    <subfield code="d">2021-03-25</subfield>
    <subfield code="e">PURCHESE</subfield>
    <subfield code="l">1</subfield>
    <subfield code="o">345.408 23</subfield>
    <subfield code="p">25428</subfield>
    <subfield code="r">2026-02-16 07:52:44</subfield>
    <subfield code="s">2026-02-05</subfield>
    <subfield code="w">2021-03-25</subfield>
    <subfield code="y">BK</subfield>
  </datafield>
</record>
